National Animals - Statistics

General Stats
  • This quiz has been taken 16 times
  • The average score is 11 of 16
Answer Stats
Animal Country % Correct
Kangaroo/Emu Australia
93%
Giant Panda China
93%
Tiger India/Malaysia/Bangladesh
93%
Kiwi New Zealand
93%
Elephant(Thai) Thailand
93%
Lion UK/Gambia/Luxembourg/Sri Lanka/Singapore/Sierra Leone/Libya/Togo
87%
Beaver Canada
80%
Bear Finland/Russia
80%
Snow Monkey Japan
80%
Canmel Saudi Arabia/Kuwait
67%
Bison USA
67%
Bull Spain
60%
Wolf Turkey/Italy
47%
Water Buffalo Vietnam
33%
Cow Nepal
20%
Carabao Phillipines
7%
No matching quizzes found
Score Distribution
Percent of People with Each Score
Percentile by Number Answered
Your Score History
You have not taken this quiz